Amelia Peabody's Egypt a compendium

محفوظ في:

المؤلف الرئيسي: Elizabeth Peters

مؤلفون آخرون: Kristen Whitbread

التنسيق: كتاب

اللغة: Undetermined

منشور في: New York Morrow 2003

الموضوعات:

الوسوم: إضافة وسم

لا توجد وسوم, كن أول من يضع وسما على هذه التسجيلة!

رقم الطلب:

LEADER 00634nam a2200193Ia 4500
005 20250515095719.0
008 250515s9999||||xx |||||||||||||| ||und||
020 |a 9780060538118 
100 1 |a Elizabeth Peters 
245 1 0 |a  Amelia Peabody's Egypt  |b  a compendium  |c Elizabeth Peters 
264 1 |a New York  |b Morrow  |c 2003 
300 |a 334  |b illustrations   |c 29 
650 4 |a Antiquities in literature  
650 4 |a Criticism, interpretation, etc  
650 4 |a Detective and mystery stories, American History and criticism  
650 4 |a Egyptology Great Britain Miscellanea  
700 1 |a Kristen Whitbread 
942 |2 lcc  |c BK 
999 |c 60941  |d 60941